00563nam a2200193Ia 4500003000400000005001700004008004100021040000700062041000800069082001600077100002500093245002200118260003900140300000800179650002000187942001300207999001900220952013000239OSt20260401144203.0250729s2003 xx 000 0 und d cAL akan a370.20 SAKK aSaku Pangala9230815 aKalikegidu sarasa aUdupibShri Vidya Prakashanac2003 a28p aKannada9230816 2ddccBED c238970d238970 00104070aALbALd2025-07-29eManagement Booksg10.00l0o370.20 SAKKpBED04289r2025-07-29 16:57:09v10.00w2025-07-29yBK